[Event "Rilton Cup 51st"]
[Site "Stockholm"]
[Date "2023.12.30"]
[Round "4"]
[White "Farokhi, Keyvan"]
[Black "Chinguun, Bayaraa"]
[Result "1-0"]
[WhiteElo "2298"]
[BlackElo "2177"]
[PlyCount "101"]
[EventDate "2023.12.27"]
[EventType "swiss"]
[EventRounds "9"]
[EventCountry "SWE"]
[SourceTitle "CB02_2024"]
[SourceDate "2024.01.10"]
[SourceVersion "1"]
[SourceVersionDate "2024.01.10"]
[SourceQuality "1"]

1. e4 g6 2. d4 Bg7 3. Nc3 d6 4. Bf4 Nd7 5. Nf3 c6 6. e5 d5 7. h4 Nf8 8. h5 gxh5 9. Qd2 Ng6 10. Be3 Bg4 11. 0-0-0 Qc7 12. Be2 e6 13. Ne1 Bxe2 14. Nxe2 f6 15. f4 Qf7 16. Nf3 0-0-0 17. Ng3 h4 18. Nxh4 f5 19. Nf3 Nh6 20. Ng5 Qd7 21. Nh5 Nf8 22. Qa5 Ng4 23. Qxa7 Nxe3 24. Rd3 Nc4 25. Rb3 b5 26. Qa6+ Kb8 27. Nxg7 Qxg7 28. Qxc6 Rd7 29. Qxb5+ Rb7 30. Qe8+ Ka7 31. Rhh3 Rxb3 32. Rxb3 Nd7 33. Qxe6 Ndb6 34. Rh3 h6 35. Qf7+ Qxf7 36. Nxf7 Rg8 37. g3 h5 38. Nh6 Rf8 39. Rxh5 Ne3 40. Rg5 Nbc4 41. b3 Na3 42. e6 Rc8 43. Kd2 Ng2 44. Nxf5 Rxc2+ 45. Kd1 Rxa2 46. Rg8 Nb5 47. Rc8 Kb7 48. e7 Ra1+ 49. Kc2 Ne1+ 50. Kb2 Rd1 51. Rb8+ 1-0

[Event "Rilton Cup 51st"]
[Site "Stockholm"]
[Date "2023.12.28"]
[Round "2"]
[White "Dixit, Nikhil"]
[Black "Chinguun, Bayaraa"]
[Result "1-0"]
[WhiteElo "2365"]
[BlackElo "2177"]
[PlyCount "49"]
[EventDate "2023.12.27"]
[EventType "swiss"]
[EventRounds "9"]
[EventCountry "SWE"]
[SourceTitle "CB02_2024"]
[SourceDate "2024.01.10"]
[SourceVersion "1"]
[SourceVersionDate "2024.01.10"]
[SourceQuality "1"]

1. e4 d6 2. d4 Nf6 3. Nc3 e5 4. Nf3 Nbd7 5. Bc4 Be7 6. 0-0 0-0 7. a4 c6 8. Ba2 Qc7 9. Re1 a5 10. Bg5 Nb6 11. h3 h6 12. Be3 Nfd7 13. Ne2 exd4 14. Nfxd4 Nc5 15. Ng3 Nbd7 16. Bxh6 gxh6 17. Qh5 Bg5 18. Ndf5 d5 19. exd5 Kh7 20. d6 Nf6 21. Qxg5 hxg5 22. dxc7 Na6 23. Nd6 Kg6 24. Re7 Ng8 25. Rxf7 1-0

[Event "Fagernes Autumn op"]
[Site "Fagernes"]
[Date "2023.10.10"]
[Round "3"]
[White "Mohamed, Anees M"]
[Black "Chinguun, Bayaraa"]
[Result "1/2-1/2"]
[WhiteElo "2309"]
[BlackElo "2206"]
[PlyCount "105"]
[EventDate "2023.10.08"]
[EventType "swiss"]
[EventRounds "9"]
[EventCountry "NOR"]
[SourceTitle "Mega2024 Update 01"]
[Source "Chessbase"]
[SourceDate "2023.11.12"]
[SourceVersion "1"]
[SourceVersionDate "2023.11.12"]
[SourceQuality "1"]

1. d4 Nf6 2. c4 e6 3. Nf3 b6 4. a3 Bb7 5. Nc3 d5 6. cxd5 exd5 7. g3 Be7 8. Bg2 0-0 9. 0-0 Ne4 10. Qb3 Bf6 11. Bf4 Re8 12. Rac1 Nxc3 13. Qxc3 c5 14. Be5 c4 15. b3 cxb3 16. Qxb3 Nc6 17. Bxf6 Qxf6 18. e3 Na5 19. Qb4 Nc4 20. Nd2 a5 21. Qc3 Nxd2 22. Qxd2 Qd6 23. Qa2 Rad8 24. Rfd1 Ba6 25. Bf1 Bxf1 26. Rxf1 Rc8 27. a4 Rc6 28. Qb2 h5 29. Rxc6 Qxc6 30. Rc1 Qxa4 31. Qxb6 Qa2 32. Qb5 Re6 33. Rc8+ Kh7 34. Qd3+ g6 35. Kg2 a4 36. Qc2 Qxc2 37. Rxc2 Rb6 38. Rc7 Ra6 39. Rxf7+ Kh6 40. Rc7 a3 41. Rc1 a2 42. Ra1 g5 43. f3 g4 44. e4 dxe4 45. fxe4 Kg5 46. Kf2 Ra3 47. d5 Kf6 48. d6 Ke6 49. e5 Ra5 50. Kg2 Kd7 51. Kf2 Ke6 52. Kg2 Kd7 53. Kf2 1/2-1/2

[Event "Nova Gorica op 27th"]
[Site "Nova Gorica"]
[Date "2023.03.23"]
[Round "9"]
[White "Perossa, Nicolas"]
[Black "Chinguun, Bayaraa"]
[Result "0-1"]
[WhiteElo "2141"]
[BlackElo "2013"]
[PlyCount "110"]
[EventDate "2023.03.16"]
[EventType "swiss"]
[EventRounds "9"]
[EventCountry "SLO"]
[SourceTitle "CBM 213 Extra"]
[Source "ChessBase"]
[SourceDate "2023.05.31"]
[SourceVersion "1"]
[SourceVersionDate "2023.05.31"]
[SourceQuality "1"]

1. e4 c5 2. Nf3 d6 3. Bb5+ Nd7 4. d4 cxd4 5. Qxd4 a6 6. Bxd7+ Bxd7 7. 0-0 e5 8. Qd3 h6 9. a4 Nf6 10. c4 Qb6 11. Be3 Qc6 12. Nc3 Rc8 13. b3 Be7 14. a5 0-0 15. Ne1 Be6 16. f3 Kh8 17. Nc2 d5 18. exd5 Bxd5 19. Na4 Be6 20. Qc3 Bf5 21. Rad1 Rcd8 22. Bb6 Rxd1 23. Rxd1 Bxc2 24. Qxc2 e4 25. Qc3 exf3 26. Qxf3 Ne4 27. Qf5 Bb4 28. Qd5 Re8 29. Qxc6 bxc6 30. Rd7 Nd2 31. Ra7 Nxb3 32. Rxa6 Re1+ 33. Kf2 Ra1 34. Nb2 Ra2 35. Ra8+ Kh7 36. Kf3 Rxb2 37. a6 Bc5 38. a7 Ra2 39. Rb8 Bxb6 40. a8Q Rxa8 41. Rxa8 Nd2+ 42. Ke2 Nxc4 43. Ra6 f6 44. h3 c5 45. Kd3 Ne5+ 46. Ke4 Bd8 47. Ra8 Be7 48. Ra7 Bf8 49. Kf5 c4 50. Rc7 Bd6 51. Rc8 Bb4 52. Rc7 Bd2 53. h4 h5 54. g3 Ba5 55. Rc5 Be1 0-1

[Event "Nova Gorica op 27th"]
[Site "Nova Gorica"]
[Date "2023.03.21"]
[Round "7"]
[White "Fercec, Nenad"]
[Black "Chinguun, Bayaraa"]
[Result "0-1"]
[WhiteElo "2423"]
[BlackElo "2013"]
[PlyCount "58"]
[EventDate "2023.03.16"]
[EventType "swiss"]
[EventRounds "9"]
[EventCountry "SLO"]
[SourceTitle "CBM 213 Extra"]
[Source "ChessBase"]
[SourceDate "2023.05.31"]
[SourceVersion "1"]
[SourceVersionDate "2023.05.31"]
[SourceQuality "1"]

1. e4 c5 2. Nf3 d6 3. d4 cxd4 4. Nxd4 Nf6 5. Nc3 a6 6. Be3 e5 7. Nb3 Be6 8. h3 Be7 9. Qf3 b5 10. g4 b4 11. Nd5 Nxd5 12. exd5 Bc8 13. 0-0-0 0-0 14. Bd3 a5 15. Kb1 Ba6 16. Be4 a4 17. Nd2 Qc7 18. c4 bxc3 19. Rc1 Qb7 20. Rxc3 Nd7 21. Rhc1 Rab8 22. R1c2 Rfc8 23. Rxc8+ Rxc8 24. g5 g6 25. a3 Rf8 26. Qd1 f5 27. gxf6 Nxf6 28. Rc1 Rb8 29. Qc2 Nxe4 0-1

[Event "Plzen op 11th"]
[Site "Plzen"]
[Date "2023.03.09"]
[Round "7"]
[White "Chinguun, Bayaraa"]
[Black "Nagrocki, Marek"]
[Result "1-0"]
[WhiteElo "2013"]
[BlackElo "1734"]
[PlyCount "55"]
[EventDate "2023.03.04"]
[EventType "swiss"]
[EventRounds "9"]
[EventCountry "CZE"]
[SourceTitle "CBM 213 Extra"]
[Source "ChessBase"]
[SourceDate "2023.05.31"]
[SourceVersion "1"]
[SourceVersionDate "2023.05.31"]
[SourceQuality "1"]

1. d4 d6 2. Nf3 g6 3. c4 Bg7 4. Nc3 Nc6 5. d5 Ne5 6. e4 Bg4 7. Be3 Nf6 8. Be2 Nxf3+ 9. gxf3 Bd7 10. f4 e6 11. h4 exd5 12. cxd5 Qe7 13. Qd3 c5 14. h5 Rg8 15. hxg6 hxg6 16. 0-0-0 0-0-0 17. Bd2 Ne8 18. Bf3 f5 19. Rde1 fxe4 20. Nxe4 Bf5 21. Qa3 Qd7 22. Qxa7 Nc7 23. a4 b5 24. Ba5 bxa4 25. Nd2 Bd3 26. Bg4 Bf5 27. Bxf5 gxf5 28. Nc4 1-0

[Event "Plzen op 11th"]
[Site "Plzen"]
[Date "2023.03.07"]
[Round "5"]
[White "Sorm, Daniel"]
[Black "Chinguun, Bayaraa"]
[Result "0-1"]
[WhiteElo "2322"]
[BlackElo "2013"]
[PlyCount "120"]
[EventDate "2023.03.04"]
[EventType "swiss"]
[EventRounds "9"]
[EventCountry "CZE"]
[SourceTitle "CBM 213 Extra"]
[Source "ChessBase"]
[SourceDate "2023.05.31"]
[SourceVersion "1"]
[SourceVersionDate "2023.05.31"]
[SourceQuality "1"]

1. d4 Nf6 2. c4 g6 3. Nc3 d5 4. cxd5 Nxd5 5. e4 Nxc3 6. bxc3 Bg7 7. Nf3 c5 8. Bb5+ Nd7 9. 0-0 0-0 10. Bg5 a6 11. Bd3 b6 12. Qd2 Bb7 13. Rad1 b5 14. d5 Nb6 15. Bh6 e6 16. dxe6 fxe6 17. Bxg7 Kxg7 18. Qe3 Qe7 19. Ng5 Rae8 20. f4 Na4 21. Be2 h6 22. Nf3 Rd8 23. Ne5 c4 24. Bh5 Rxd1 25. Rxd1 Rd8 26. Qg3 Rxd1+ 27. Bxd1 Qc5+ 28. Kf1 Bxe4 29. Bxa4 bxa4 30. Qf2 Qxf2+ 31. Kxf2 a3 32. Nxc4 Bd5 33. Nxa3 Bxa2 34. Ke3 Kf6 35. c4 e5 36. Ke4 exf4 37. Kxf4 Ke6 38. Ke4 Bb3 39. Kd4 Kd6 40. Kc3 Ba4 41. Kb4 Bc6 42. g3 a5+ 43. Kxa5 Kc5 44. Ka6 Be4 45. Ka7 Kb4 46. Kb6 Kxa3 47. c5 Kb4 48. c6 Kc4 49. c7 Bf5 50. Kb7 Kd4 51. c8Q Bxc8+ 52. Kxc8 Ke4 53. Kd7 Kf3 54. Ke6 Kg2 55. Kf6 g5 56. h4 g4 57. Kg6 Kxg3 58. h5 Kf4 59. Kxh6 g3 60. Kh7 g2 0-1

[Event "Plzen op 11th"]
[Site "Plzen"]
[Date "2023.03.06"]
[Round "3"]
[White "Chinguun, Bayaraa"]
[Black "Wojtczak, Maciej"]
[Result "1-0"]
[WhiteElo "2013"]
[BlackElo "2242"]
[PlyCount "61"]
[EventDate "2023.03.04"]
[EventType "swiss"]
[EventRounds "9"]
[EventCountry "CZE"]
[SourceTitle "CBM 213 Extra"]
[Source "ChessBase"]
[SourceDate "2023.05.31"]
[SourceVersion "1"]
[SourceVersionDate "2023.05.31"]
[SourceQuality "1"]

1. d4 Nf6 2. Nf3 g6 3. c4 Bg7 4. Nc3 0-0 5. e4 d6 6. Be2 Bg4 7. Be3 Nc6 8. d5 Bxf3 9. Bxf3 Ne5 10. Be2 c5 11. f4 Ned7 12. 0-0 a6 13. a4 Re8 14. Qc2 e6 15. dxe6 Rxe6 16. Rad1 Qb6 17. Bf2 Rae8 18. Bf3 Nb8 19. f5 R6e7 20. Bg3 Rd7 21. a5 Qxa5 22. Bxd6 Nc6 23. Qc1 Rdd8 24. Qf4 Nd7 25. Bc7 Qb4 26. f6 Nxf6 27. Bxd8 Nxd8 28. e5 Ne6 29. Qg3 Nh5 30. Bxh5 gxh5 31. Nd5 1-0

[Event "Prague Futures 2nd"]
[Site "Prague"]
[Date "2020.02.21"]
[Round "8"]
[White "Aydin, Gulenay"]
[Black "Chinguun, Bayaraa"]
[Result "1-0"]
[WhiteElo "1964"]
[BlackElo "2049"]
[PlyCount "97"]
[EventDate "2020.02.12"]
[EventType "tourn"]
[EventRounds "9"]
[EventCountry "CZE"]
[SourceTitle "CBM 195 Extra"]
[Source "ChessBase"]
[SourceDate "2020.05.31"]
[SourceVersion "1"]
[SourceVersionDate "2020.05.31"]
[SourceQuality "1"]

1. e4 c5 2. Nf3 d6 3. d4 cxd4 4. Nxd4 Nf6 5. Nc3 a6 6. f3 e5 7. Nb3 Be6 8. Be3 Be7 9. Qd2 0-0 10. 0-0-0 Nbd7 11. g4 b5 12. g5 b4 13. Ne2 Ne8 14. f4 a5 15. f5 a4 16. Nbd4 exd4 17. Nxd4 b3 18. Kb1 bxc2+ 19. Nxc2 Bb3 20. axb3 axb3 21. Na3 Ne5 22. Qg2 Qb8 23. Bf4 Qb7 24. f6 Bd8 25. Bxe5 dxe5 26. Bc4 Rb8 27. h4 Bb6 28. Rh3 Qc7 29. h5 Kh8 30. fxg7+ Nxg7 31. g6 Rbd8 32. Rxd8 Qxd8 33. Bxb3 fxg6 34. hxg6 h5 35. Qg4 Qc7 36. Rxh5+ Nxh5 37. Qxh5+ Kg7 38. Qh7+ Kf6 39. g7 Qxg7 40. Qf5+ Ke7 41. Qe6+ Kd8 42. Qd6+ Kc8 43. Qxb6 Qc7 44. Qa6+ Kd8 45. Nb5 Rf1+ 46. Ka2 Qc5 47. Nd6 Qc1 48. Nf7+ Kc7 49. Qa7+ 1-0

[Event "Prague Futures 2nd"]
[Site "Prague"]
[Date "2020.02.21"]
[Round "9"]
[White "Chinguun, Bayaraa"]
[Black "Gurel, Ediz"]
[Result "1-0"]
[WhiteElo "2049"]
[BlackElo "2125"]
[PlyCount "157"]
[EventDate "2020.02.12"]
[EventType "tourn"]
[EventRounds "9"]
[EventCountry "CZE"]
[SourceTitle "CBM 195 Extra"]
[Source "ChessBase"]
[SourceDate "2020.05.31"]
[SourceVersion "1"]
[SourceVersionDate "2020.05.31"]
[SourceQuality "1"]

1. d3 g6 2. g3 Bg7 3. Bg2 e5 4. Nf3 Ne7 5. 0-0 0-0 6. e4 Nbc6 7. c3 d6 8. b4 a6 9. Bb2 h6 10. Nbd2 f5 11. Qb3+ Kh8 12. h3 Qe8 13. a4 Nd8 14. Qc2 Be6 15. Rfe1 Qf7 16. c4 fxe4 17. dxe4 a5 18. b5 b6 19. Rac1 g5 20. Nf1 Qh5 21. g4 Qf7 22. Ng3 Ng6 23. Nf5 Nf4 24. Re3 Qg6 25. Ne1 h5 26. Nd3 Nf7 27. f3 Bf6 28. Kf2 Nh6 29. Rg1 Bd7 30. Bf1 Nxf5 31. exf5 Qh6 32. Nxf4 gxf4 33. Ra3 Rae8 34. Bd3 Rg8 35. Be4 hxg4 36. hxg4 Kg7 37. Kf1 Qg5 38. Ra1 Rh8 39. Re1 Rh3 40. Re2 Reh8 41. Reg2 Be8 42. Bc3 Bf7 43. Be1 Kf8 44. Ke2 Rh1 45. Kf1 R1h3 46. Qd3 Rh1 47. Bd5 Rxg1+ 48. Rxg1 Be8 49. Qe2 Bf7 50. Bxf7 Kxf7 51. Qd2 Re8 52. Qd5+ Kf8 53. Qe4 Kf7 54. Rh1 Qg7 55. Kg2 Ke7 56. Bh4 Rh8 57. Bxf6+ Kxf6 58. Qe1 Rxh1 59. Qxh1 Qf7 60. Qh4+ Kg7 61. Qg5+ Kf8 62. Qd8+ Kg7 63. Qg5+ Kf8 64. f6 Ke8 65. Kh3 Qxc4 66. Qg6+ Qf7 67. Qf5 Qg8 68. g5 Kf7 69. Kg4 Qg6 70. Qd7+ Kf8 71. Qe7+ Kg8 72. Qd8+ Kf7 73. Qxc7+ Kg8 74. Qd8+ Kf7 75. Qxd6 Qh7 76. Qe7+ Kg6 77. Qxh7+ Kxh7 78. f7 Kg7 79. g6 1-0

[Event "Prague Futures 2nd"]
[Site "Prague"]
[Date "2020.02.21"]
[Round "7"]
[White "Chinguun, Bayaraa"]
[Black "Klimkowski, Jan"]
[Result "1/2-1/2"]
[WhiteElo "2049"]
[BlackElo "2229"]
[PlyCount "116"]
[EventDate "2020.02.12"]
[EventType "tourn"]
[EventRounds "9"]
[EventCountry "CZE"]
[SourceTitle "CBM 195 Extra"]
[Source "ChessBase"]
[SourceDate "2020.05.31"]
[SourceVersion "1"]
[SourceVersionDate "2020.05.31"]
[SourceQuality "1"]

1. Nf3 Nf6 2. d4 g6 3. c4 Bg7 4. Nc3 0-0 5. e4 d6 6. Be2 e5 7. 0-0 Nc6 8. d5 Ne7 9. Ne1 Ne8 10. Nd3 f5 11. f3 Nf6 12. Bd2 f4 13. Rc1 g5 14. c5 Ng6 15. cxd6 cxd6 16. Nf2 Rf7 17. Qb3 Bf8 18. Nb5 h5 19. h3 Rh7 20. Qc2 Bd7 21. Qb3 g4 22. fxg4 hxg4 23. hxg4 Ne8 24. Rc3 Bh6 25. Be1 a6 26. Na3 b5 27. Bf3 Nf6 28. Rc2 Bf8 29. Rc1 Qb6 30. Nc4 Qa7 31. Na5 Bxg4 32. Nc6 Qd7 33. Nxg4 Nxg4 34. Bxg4 Qxg4 35. Rf3 Bh6 36. Rcc3 Rg7 37. Qc2 Kh7 38. Rh3 Rag8 39. Rh2 f3 40. Rxf3 Qxf3 41. gxf3 Nf4+ 42. Kf2 Rg2+ 43. Ke3 Nxd5+ 44. Kd3 Nf4+ 45. Kc3 Rxc2+ 46. Rxc2 Rc8 47. Kb3 Ne6 48. Bf2 Ng5 49. Ne7 Rxc2 50. Kxc2 Nxf3 51. Nd5 Ng5 52. Kd3 Ne6 53. Nb4 a5 54. Nc6 Nf4+ 55. Kc2 a4 56. a3 d5 57. exd5 Nxd5 58. Nxe5 b4 1/2-1/2

[Event "Belt and Road Hunan op-B"]
[Site "Changsha"]
[Date "2019.08.02"]
[Round "9"]
[White "Chinguun, Bayaraa"]
[Black "Wang, Yinglong"]
[Result "1-0"]
[WhiteElo "2103"]
[BlackElo "2104"]
[PlyCount "87"]
[EventDate "2019.07.29"]
[EventType "swiss"]
[EventRounds "9"]
[EventCountry "CHN"]
[SourceTitle "EXT 2020"]
[Source "ChessBase"]
[SourceDate "2019.10.17"]
[SourceVersion "1"]
[SourceVersionDate "2019.10.17"]
[SourceQuality "1"]

1. d4 Nf6 2. c4 g6 3. Nc3 d5 4. Bg5 Ne4 5. Bh4 c6 6. e3 Bg7 7. cxd5 cxd5 8. Bd3 Nxc3 9. bxc3 0-0 10. Nf3 Nc6 11. 0-0 Qa5 12. Qb3 e5 13. Be2 Re8 14. Rfd1 b6 15. Bb5 Bb7 16. Rab1 Rec8 17. c4 a6 18. Bxc6 Bxc6 19. Qxb6 Qxa2 20. cxd5 Bxd5 21. Ra1 Qc2 22. Bf6 Rab8 23. Qd6 Rb2 24. Bh4 Bxf3 25. gxf3 exd4 26. exd4 Qf5 27. Qxa6 Re8 28. Qc6 Rc8 29. Ra8 Rc2 30. Rxc8+ Qxc8 31. Qe4 h6 32. Bg3 Rc1 33. Rxc1 Qxc1+ 34. Kg2 Qc8 35. d5 Qd7 36. d6 Bf8 37. Qd4 h5 38. h4 Kh7 39. Qf6 Qe6 40. Qxe6 fxe6 41. d7 Be7 42. Bc7 Bxh4 43. d8Q Bxd8 44. Bxd8 1-0

[Event "Belt and Road Hunan op-B"]
[Site "Changsha"]
[Date "2019.07.31"]
[Round "5"]
[White "Chinguun, Bayaraa"]
[Black "Qiu, Mengjie"]
[Result "0-1"]
[WhiteElo "2103"]
[BlackElo "2188"]
[PlyCount "67"]
[EventDate "2019.07.29"]
[EventType "swiss"]
[EventRounds "9"]
[EventCountry "CHN"]
[SourceTitle "EXT 2020"]
[Source "ChessBase"]
[SourceDate "2019.10.17"]
[SourceVersion "1"]
[SourceVersionDate "2019.10.17"]
[SourceQuality "1"]

1. d4 Nf6 2. c4 e6 3. Nf3 d5 4. Nc3 Bb4 5. Bg5 h6 6. Bxf6 Qxf6 7. e3 0-0 8. Rc1 dxc4 9. Bxc4 c5 10. 0-0 cxd4 11. Nxd4 Rd8 12. Qb3 Be7 13. Ncb5 Na6 14. Be2 e5 15. Nf3 Be6 16. Qc3 Rd5 17. b3 Bb4 18. Qb2 Bg4 19. Nc3 Bxc3 20. Rxc3 Rad8 21. e4 R5d6 22. Bc4 Nb4 23. a3 Nd3 24. Bxd3 Bxf3 25. Bc2 Be2 26. Re1 Rd2 27. Qc1 Ba6 28. Kh1 Rxf2 29. Rg1 Rdd2 30. Bb1 Rf1 31. Rxf1 Qxf1+ 32. Qxf1 Bxf1 33. Kg1 Bxg2 34. Bc2 0-1

[Event "Belt and Road Hunan op-B"]
[Site "Changsha"]
[Date "2019.07.30"]
[Round "3"]
[White "Gong, Qianyun"]
[Black "Chinguun, Bayaraa"]
[Result "1-0"]
[WhiteElo "2370"]
[BlackElo "2103"]
[PlyCount "55"]
[EventDate "2019.07.29"]
[EventType "swiss"]
[EventRounds "9"]
[EventCountry "CHN"]
[SourceTitle "EXT 2020"]
[Source "ChessBase"]
[SourceDate "2019.10.17"]
[SourceVersion "1"]
[SourceVersionDate "2019.10.17"]
[SourceQuality "1"]

1. e4 c5 2. Nc3 d6 3. f4 g6 4. Nf3 Bg7 5. Bc4 e6 6. d4 cxd4 7. Nxd4 a6 8. f5 gxf5 9. 0-0 Nf6 10. exf5 e5 11. Nde2 0-0 12. Bg5 Qb6+ 13. Kh1 Nbd7 14. Qd2 Qc7 15. Bd5 Kh8 16. Rad1 Nb6 17. Bxf6 Bxf6 18. Ng3 Qe7 19. Nh5 Rg8 20. Nxf6 Qxf6 21. Ne4 Qe7 22. Bb3 d5 23. Bxd5 Rd8 24. c4 f6 25. Qh6 Rf8 26. c5 Nxd5 27. Rxd5 Bd7 28. Rd6 1-0